Регионална библиотека "Любен Каравелов" - Русе

Облигационно право (Запис номер 96602)

MARC детайли
000 -Лидер
Контролно поле с фиксирана дължина 01465nam a2200325 c 4500
003 - Код на организацията, давaща контролен номер
Контролно поле BLK
005 - Дата и час на последна редакция
Контролно поле 20220120120445.0
008 - Елементи от данни с фиксирана дължина
fixed length control field 180409b bul|||||r ||||||| ||bul||
010 ## - Наследен системен номер
LC control number KNG00101502000
020 ## - Международен стандартен номер на книга ISBN
Международен стандартен номер на книга ISBN 954-632-049-8
-- издат.: Юриспрес - (Юриспрес)
040 ## - Източник на каталожния запис
Идентификатор на билиотеката - собственик на записа BLK
041 ## - Код за език
Код за езика на текст/звукозапис или на отделно заглавие Български
Код за езика КДБФ Български
080 ## - УДК
Текстов определител УДК Облигационно право. Задължения, договори, споразумения
УДК код - определител по УДК 347.4
УДК определител (075.8)
УДК - код + определител 347.4(075.8)
100 1# - Редна дума - Автор
Автор Кожухаров, Александър Георгиев
Авторска отговорност първи автор
R(LIN) 366180
139 ## - Редно поле
Редна дума Кожухаров, Александър Георгиев
Авторски знак Кож - К 74
245 10 - Сведения за заглавието
Заглавие Облигационно право
Подзаглавни данни Общо учение за облигационното отношение
Редно поле (дума) Александър Георгиев Кожухаров; ред. Петко Ст. Попов.
257 ## - Страна на издаване
Страна на създаване/издаване България
260 ## - Област на издателските данни
-- София
Име на издателя, разпространителя и проч. Юриспрес
-- Унив. изд. Св. Климент Охридски
Година на издаване 2002
Печатница София : Лик
300 ## - Физическа характеристика
Страници 726 с.
Размери/Мащаб 21 см
380 ## - Жанр
Жанр Обществени науки
650 #4 - Допълнително описание по предмет – тема
Основно описание – тема или топоним Облигационно право - учебници за ВУЗ
9 (RLIN) 248651
653 ## - Ключова дума – ненормативна
Ключова дума облигационно право
653 ## - Ключова дума – ненормативна
Ключова дума учебници за ВУЗ
700 1# - Други автори (авторска отговорност)
Лично име Попов, Петко Ст.
Автороска отговорност (Описва отношението между автора и произведението) ред.
9 (RLIN) 292684
852 ## - Местоположение
Форматна сигнатура Цб 211604
856 4# - Електронен адрес и достъп
Електронен формат pdf - файл
Път до файла /url/
856 4# - Електронен адрес и достъп
Електронен формат pdf - файл
Път до файла /url/
942 ## - АРТИКУЛИ
Вид на библиотечния материал Книги
Скрит в OPAC Не
Koha issues (borrowed), all copies 3
944 ## - СЪЗДАВАНЕ И РЕДАКЦИЯ на ЗАПИСА
Създаване/Редакция Създаване
Дата на регистрацията/редакция 01.01.2002
Служител, извършил регистрацията/редакцията Виолета_Тройчева
944 ## - СЪЗДАВАНЕ И РЕДАКЦИЯ на ЗАПИСА
Създаване/Редакция Редакция
Дата на регистрацията/редакция 12.06.2014
Служител, извършил регистрацията/редакцията
999 ## - СИСТЕМНИ КОНТРОЛНИ НОМЕРА
Koha biblionumber 96602
Koha biblioitemnumber 96602
Наличности
Код за отписване Код за изгубен артикул Код за повреда Коз за рестрикции Код за отдаване Артикулен № Име на библиотеката - собственик Име на библиотеката, в която се намира в момента Статус (Текущо местоположение) Дата на вписване в системата Местоположение - отдел Цена в лева Инвентарен номер Систематично азбучна сигнатура Баркод Номер на екземпляра Цена в евро Служебна бележка Служебен тип на артикула
  Не е изгубен Не е повреден без рестрикции ползва се в читалня 155025 Регионална библиотека "Любен Каравелов" Русе Регионална библиотека "Любен Каравелов" Русе Хранилище 2002-05-27 Основен фонд - ползва се само за читалня 23.00 120000670071 Цб 211604 120000670071 1 11.76 Дост: Pk Вид: Ф N: 17 Дата: 21.05.2002 Дата инв: 04.06.2010 Бележки инв: 2010 Книги
Изтеглен Не е изгубен Не е повреден без рестрикции заемане за дома 155026 Регионална библиотека "Любен Каравелов" Русе Регионална библиотека "Любен Каравелов" Русе Заемна - подръчен фонд 2006-12-22 Заемна - подръчен фонд 19.00 120000707782 П 347/К 74 120000707782 2 9.71 Дост: Pk Вид: Ф N: 47399 Дата: 18.12.2006 Дата инв: 05.02.2018 Бележки инв: П2018 Книги
Vip Innovations Ltd, Rousse, Bulgaria 2025